[Event "AUTO-ADV-3303"]
[Site "http://www.queenalice.com/game.php?id=1365480"]
[Date "2015.6.14"]
[Round "2"]
[White "bouley"]
[Black "massimo"]
[Result "1-0"]
[WhiteElo "1966"]
[BlackElo "1850"]

1. e4 e6 2. d4 d5 3. e5 c5 4. c3 Nc6 5. Bb5 Ne7 6. Nf3 Bd7 7. Bg5 h6 8. Bxc6
Bxc6 9. Bh4 g5 10. Bg3 g4 11. Nfd2 h5 12. Bh4 cxd4 13. cxd4 Qb6 14. Nb3 Nf5 15.
Bf6 Rg8 16. O-O Rg6 17. Nc3 Be7 18. Bxe7 Kxe7 19. Qd3 Rag8 20. Rac1 Nh4 21. Rfe1
a5 22. Qe2 a4 23. Nc5 Nf3+ 24. Kh1 Nxe1 25. Rxe1 Qa5 26. Qe3 a3 27. b3 b6 28.
N5a4 b5 29. Nc5 h4 30. Ne2 Qxe1+ 31. Ng1 Qa1 32. Qd2 g3 33. fxg3 Qb2 34. Qa5
Qxd4 35. Qc7+ Kf8 36. Qxc6 Qxe5 37. Nd7+ 1-0

[Event "AUTO-ADV-3303"]
[Site "http://www.queenalice.com/game.php?id=1365481"]
[Date "2015.6.14"]
[Round "2"]
[White "massimo"]
[Black "bouley"]
[Result "0-1"]
[WhiteElo "1824"]
[BlackElo "2025"]

1. e4 Nc6 2. Bb5 Nd4 3. Nc3 e5 4. Nf3 Nxb5 5. Nxb5 c6 6. Nc3 d6 7. O-O Nf6 8. d3
Be7 9. b3 O-O 10. Bb2 b6 11. Ne2 Bg4 12. Ng3 Qd7 13. h3 Bxf3 14. Qxf3 Rfe8 15.
Nf5 Bf8 16. Qg3 g6 17. Nh6+ Bxh6 18. Qh4 Kg7 19. f4 Qe7 20. f5 g5 21. Qe1 Kh8
22. Bc1 Nh5 23. g4 Nf4 24. Rf3 d5 25. Bb2 d4 26. c4 c5 27. a4 a5 28. Bc1 f6 29.
Ra2 Rg8 30. Rh2 Bf8 31. h4 Rg7 32. h5 h6 33. Bxf4 gxf4 34. Qf2 Rxg4+ 35. Kf1 Qg7
36. Rh4 Rxh4 37. Qxh4 Be7 38. Qh2 Rg8 39. Kf2 Qf7 40. Rh3 Rg5 41. Kf3 Qg7 42.
Kf2 Bd8 43. Rh4 Rg3 44. Rh3 Rxh3 45. Qxh3 Qg5 46. Qh2 Qg4 47. Ke1 Qf3 48. Qe2
Qh1+ 49. Kd2 Qa1 50. Qd1 Qb2+ 51. Qc2 Qa3 52. Kd1 f3 53. Ke1 Qa1+ 54. Qd1 Qc3+
55. Kf2 Qb2+ 56. Kxf3 Qh2 57. Qf1 Qxh5+ 58. Kf2 Qh4+ 59. Ke2 h5 60. Qc1 Qg4+ 61.
Kf2 Qf4+ 62. Qxf4 exf4 0-1

[Event "AUTO-OPEN-3385"]
[Site "http://www.queenalice.com/game.php?id=1367661"]
[Date "2015.6.26"]
[Round "2"]
[White "massimo"]
[Black "SportRecife"]
[Result "0-1"]
[WhiteElo "1826"]
[BlackElo "2216"]

1. e4 e5 2. Nf3 Nc6 3. Bb5 a6 4. Bxc6 dxc6 5. d3 Bd6 6. O-O Nf6 7. b3 O-O 8. Bb2
Bg4 9. Nbd2 Re8 10. d4 exd4 11. Bxd4 Nxe4 12. Be3 Bb4 13. Nxe4 Rxe4 14. Qxd8+
Rxd8 15. Ng5 Ree8 16. h3 Bf5 17. Rac1 Bc3 18. g4 Bg6 19. Bf4 Rc8 20. h4 h6 21.
Nh3 Bb2 22. Rb1 Bc3 23. Rbc1 Re2 24. Rfe1 Rxe1+ 25. Rxe1 Bxe1 0-1

[Event "AUTO-OPEN-3385"]
[Site "http://www.queenalice.com/game.php?id=1367662"]
[Date "2015.6.26"]
[Round "2"]
[White "SportRecife"]
[Black "massimo"]
[Result "1-0"]
[WhiteElo "2215"]
[BlackElo "1828"]

1. e4 e5 2. Nf3 Nc6 3. Bc4 h6 4. Nc3 Bb4 5. O-O Nf6 6. a3 Bxc3 7. bxc3 O-O 8. d3
d6 9. h3 Na5 10. Bb3 c5 11. c4 b6 12. Bd2 Nxb3 13. cxb3 Bd7 14. Be3 b5 15. Qd2
bxc4 16. bxc4 Rb8 17. Rfb1 Rxb1+ 18. Rxb1 Qc7 19. Bxh6 Qc8 20. Bxg7 Nxe4 21. Qh6
f6 22. Bxf8 Qxf8 23. Qg6+ Kh8 24. dxe4 1-0

[Event "AUTO-OPEN-3385"]
[Site "http://www.queenalice.com/game.php?id=1367663"]
[Date "2015.6.26"]
[Round "2"]
[White "massimo"]
[Black "muppyman"]
[Result "1-0"]
[WhiteElo "1816"]
[BlackElo "2291"]

1. e4 e6 2. Nf3 d5 3. exd5 exd5 4. Be2 Bd6 5. O-O Nf6 6. d3 O-O 7. b3 c6 8. c4
Re8 9. cxd5 Nxd5 10. Bb2 Nf4 11. Nc3 1-0

[Event "AUTO-OPEN-3385"]
[Site "http://www.queenalice.com/game.php?id=1367664"]
[Date "2015.6.26"]
[Round "2"]
[White "muppyman"]
[Black "massimo"]
[Result "0-1"]
[WhiteElo "2268"]
[BlackElo "1846"]

1. e4 e6 2. d4 b6 3. Nf3 Bb7 4. Bd3 c5 5. c3 cxd4 6. cxd4 Bb4+ 7. Nc3 Qc8 8. Bd2
Nc6 9. O-O Nf6 10. d5 Bxc3 11. dxc6 Bxc6 0-1

[Event "AUTO-ADV-3237"]
[Site "http://www.queenalice.com/game.php?id=1377519"]
[Date "2015.8.14"]
[Round "2"]
[White "kuntakinte"]
[Black "massimo"]
[Result "0-1"]
[WhiteElo "1749"]
[BlackElo "1905"]

1. e4 e6 2. d4 c5 3. d5 Nf6 4. Nc3 b6 5. d6 e5 6. Nf3 Bb7 7. Qd3 Ba6 8. Nb5 Bxb5
9. Qxb5 Nxe4 10. Nxe5 Nxd6 11. Qe2 a5 12. Qf3 Ra7 13. Bb5 Be7 14. O-O O-O 15.
Bd3 f6 16. Nc4 Nc6 17. c3 Ne5 18. Nxe5 fxe5 19. Qd5+ Nf7 20. Qe4 g6 21. Qf3 Ng5
22. Qd5+ Ne6 23. Qxe5 Bf6 24. Qd5 Kg7 25. Bb5 Rf7 26. Re1 Nc7 27. Qd3 Nxb5 28.
Qe3 g5 29. Qg3 h6 30. f4 d5 31. Bd2 d4 32. c4 Nd6 33. b3 Nf5 34. Qh3 Ne3 35.
Bxe3 dxe3 36. Rad1 Bd4 37. Kh1 Rxf4 38. Re2 Raf7 39. g3 Rf2 40. Rxe3 Qa8+ 41.
Kg1 Bxe3 42. g4 R2f3+ 43. Kg2 Rxh3+ 0-1

[Event "AUTO-ADV-3237"]
[Site "http://www.queenalice.com/game.php?id=1377520"]
[Date "2015.8.14"]
[Round "2"]
[White "massimo"]
[Black "kuntakinte"]
[Result "1-0"]
[WhiteElo "1894"]
[BlackElo "1767"]

1. e4 e5 2. Nf3 d6 3. d3 c5 4. Nc3 Bg4 5. Be2 a6 6. h3 Bxf3 7. Bxf3 Nf6 8. O-O
b5 9. a4 b4 10. Nd5 h6 11. a5 Nbd7 12. Nxf6+ Nxf6 13. c3 Be7 14. Qa4+ Nd7 15.
Bg4 Ra7 16. cxb4 O-O 17. f4 cxb4 18. Qxb4 d5 19. Qc3 d4 20. Qc2 Rc7 21. Qd2 Nc5
22. Qd1 Bd6 23. b4 Nb7 24. fxe5 Bxe5 25. Ba3 Re8 26. Qf3 Nd6 27. Bc1 g5 28. h4
Rf8 29. hxg5 hxg5 30. Qh3 f6 31. Bd2 Rh7 32. Bh5 Ne8 33. Bxg5 fxg5 34. Qe6+ Rff7
35. Bxf7+ Kh8 36. Qxe5+ Ng7 37. Rac1 Rh6 38. Rc7 Kh7 39. Be8 1-0

[Event "AUTO-ADV-3237"]
[Site "http://www.queenalice.com/game.php?id=1377521"]
[Date "2015.8.14"]
[Round "2"]
[White "Scooby_99"]
[Black "massimo"]
[Result "0-1"]
[WhiteElo "1916"]
[BlackElo "1876"]

1. e4 e5 2. Nf3 Nc6 3. Bb5 Nf6 4. O-O Nxe4 5. c3 a6 6. Ba4 b5 7. Bb3 a5 8. a3
Bb7 9. Re1 f5 10. d4 d6 11. Nbd2 a4 12. Bd5 Nxd2 13. Bxd2 Be7 14. dxe5 dxe5 15.
Bxc6+ Bxc6 16. Nxe5 Qd5 17. Qh5+ g6 18. Nxg6 Qxg2# 0-1

[Event "AUTO-ADV-3237"]
[Site "http://www.queenalice.com/game.php?id=1377522"]
[Date "2015.8.14"]
[Round "2"]
[White "massimo"]
[Black "Scooby_99"]
[Result "0-1"]
[WhiteElo "1915"]
[BlackElo "1937"]

1. e4 e5 2. Nf3 d6 3. Nc3 f5 4. d3 f4 5. g3 fxg3 6. hxg3 Nf6 7. Nh4 Be7 8. Nf5
Bxf5 9. exf5 Nc6 10. Bg2 Qd7 11. Bh3 O-O-O 12. Nd5 Kb8 13. Nxe7 Qxe7 14. Bg2 Nd4
15. Bh3 d5 16. c3 Nc6 17. O-O e4 18. b4 d4 19. b5 Ne5 20. a4 Nxd3 21. Ba3 Qf7
22. Bg2 dxc3 23. Qc2 Qc4 24. Be7 Rde8 25. Bxf6 gxf6 26. Ra3 h5 27. Rxc3 Qf7 28.
f3 Nb4 29. Qb2 Nd3 30. Qd2 exf3 31. Bxf3 Ne5 32. Bd5 Qh7 33. Qc2 h4 34. Rxc7
Qxc7 35. Qxc7+ Kxc7 0-1

[Event "Challenge"]
[Site "http://www.queenalice.com/game.php?id=1391555"]
[Date "2015.10.30"]
[Round "-"]
[White "tucuman"]
[Black "massimo"]
[Result "1/2-1/2"]
[WhiteElo "1737"]
[BlackElo "1900"]

1. e4 e5 2. d4 Bd6 3. d5 Nf6 4. Nc3 c6 5. dxc6 bxc6 6. Bg5 h6 7. Bxf6 Qxf6 8.
Nf3 O-O 9. a3 Na6 10. Bd3 Nc5 11. O-O Ne6 12. Ne2 Ng5 13. Nxg5 Qxg5 14. Ng3 Bc5
15. b4 Bd4 16. Rb1 d5 17. Qe2 Bg4 18. Qe1 f5 19. exf5 e4 20. Ba6 Rae8 21. Be2
Bxf5 22. Nxf5 Rxf5 23. Kh1 Ref8 24. f3 Be5 25. fxe4 dxe4 26. Rxf5 Rxf5 27. Rd1
Qf4 28. Rd8+ Kh7 29. g3 Qe3 30. Re8 Bc3 31. Qd1 Rf2 32. Qd8 Qxe2 33. Rh8+ Kg6
34. Qe8+ Kg5 35. h4+ Kf5 36. Rf8+ Bf6 37. Qd7+ Kg6 38. Qf7+ Kf5 39. Qd7+ Kg6 40.
h5+ Kh7 41. Rh8+ Kxh8 42. Qe8+ 1/2-1/2